| 000 | 01255cab a2200217 4500 | ||
|---|---|---|---|
| 001 | WB@3612-614 | ||
| 008 | 040513n2004 000 0 eng u | ||
| 035 | _a(Sirsi) u126197 | ||
| 245 | _aAll big schemes should be mixed-use | ||
| 260 | _c2004 | ||
| 490 |
_aRICS Planning and Development Faculty News _v12 May 2004 (1) |
||
| 520 | _aAccording to Sir John Egan's latest report, commissioned by ODPM, single-use development should be banned with greater emphasis on mixed-use schemes. Local authorities should also have greater freedom in order to show that they can deliver sustainable communities with a reward scheme for successful authorities. The "Egan review of skills" is available on the ODPM website, http://www.odpm.gov.uk/stellent/groups/odpm_contro l/documents/contentservertemplate/odpm_index.hcst? n=3933&l=2. http://www.rics.org/ricscms/bin/show?class=News&te mplate=/includes/shownews.html&id=8923&faculty=Pla nning%20and%20Development&faculty=All%20Faculties | ||
| 590 | _aWB | ||
| 590 | _aWB | ||
| 650 | _aSUSTAINABLE DEVELOPMENT | ||
| 650 | _aMIXED-USE DEVELOPMENTS | ||
| 650 | _aLOCAL AUTHORITIES | ||
| 650 | _aSUSTAINABLE COMMUNITIES | ||
| 690 | _aENVIRONMENTAL AND LAND CONSULTANCY-PLANNING AND DEVELOPMENT | ||
| 942 | _n0 | ||
| 999 |
_c74397 _d74397 |
||